000 00879nam a22002651u 4500
001 04672
003 HDC
007 cr bn ---
008 210117p my go d 00 engg
040 _aHDC
110 _atripfez
245 0 _aNo Barriers: Millennials and the Future of Tourism /
_cby Haikal Idris
260 _a[No Place] :
_b[publisher not identified],
_c[no year]
300 _a24 pages :
_billustrations
336 _atext
_2rdacontent
337 _acomputer
_2rdamedia
338 _aonline resource
_2rdacarrier
650 _aMuslim travellers
_92153
650 _aTourism industry
_92298
650 _aTourism
_9880
856 _zRequest full-text at [email protected]
942 _2lcc
942 _cSLIDE
942 _kSLID 000308
999 _c1997
_d1997